000
00333nam a2200133Ia 4500
008
220216s9999 xx 000 0 und d
100
_a
Copping Barry
245
0
_a
Chinese rubber demand expected to stabilise
260
_b
European Rubber Journal
_c
2013
300
_a
8
650
_a
China
650
_a
Rubber demand
942
_c
JS
999
_c
55557
_d
55557